000
00190nam a22000857a 4500
082
_a
629.8 AUT'O
245
_a
AUTOMATION IN PERSPECTIVE
260
_a
LONDON
_b
HER MAJESTY'S
_c
1956
942
_c
BK
999
_c
569074
_d
569074